000 00715nam a22002057a 4500
999 _c193087
_d193087
005 20221014162115.0
010 _aB-745968
020 _a9789351508700
_c550.00
035 _aB-745968
037 _bSage Publication
082 _a909
100 _aRakesh Kumar
245 _aAncient and medieval world:
_bfrom evolution of humans to the crisis of feudalism /
_cby Rakesh Kumar
260 _aNew Delhi
_bSage Publication
_c2018
270 _aB1/I-1, Mohan Cooperative Industrial Area, Mathura Road
_bNew Delhi
_e110044
300 _axii, 434p.
_c24cm(pbk)
500 _aIndex,1-7
942 _2ddc
_cEN
_mRAK
_h954.01